IMF research bulletin

Detalles Bibliográficos
Autor Corporativo: Fondo Monetario Internacional
Formato: Desconocido
Lenguaje:inglés
Publicado: Washington : International Monetary Fund
Materias:
Acceso en línea:Acceso restringido

MARC

LEADER 00000ny a22000003n 4500
005 20110510140029.0
008 030424c20uu9999us qr p 0 0eng d
022 |a 1020-8313 
022 |a 1607-9515 
035 |a 2389 
040 |a UAL  |d vLex 
090 |c 1563  |d 1563 
245 3 0 |a IMF research bulletin  |h [Recurso electrn̤ico] 
256 |a Servicio en ln̕ea 
260 |a Washington :   |b International Monetary Fund 
310 |a Trimestral 
506 1 |a Contenido solo disponible en los productos indicados  |d vLex Global  |d vLex Global (Academic Edition, excluding Law Schools)  |d vLex Global (U.S. Academic Edition, Law Schools)  |d vLex Global (U.S. Academic Edition, excluding Law Schools)  |d vLex Global (Academic Edition, Law Schools) 
650 0 4 |a Economa̕ polt̕ica  |x Publicaciones perid̤icas 
650 0 4 |a Finanzas internacionales  |x Publicaciones perid̤icas 
650 0 4 |a Polt̕ica econm̤ica  |x Publicaciones perid̤icas 
710 2 |a Fondo Monetario Internacional 
740 0 |a vLex Revista (Servicios en ln̕ea) 
843 |a Electrn̤ica. Abierta 
853 |8 1  |i (year)  |j (month)  |k (day) 
856 4 0 |u http://vlex.com/source/2389  |z Acceso restringido 
942 |c REV